ADMINISTRATIVE AND MANAGEMENT THINKERS (Record no. 65091)
[ view plain ]
| 000 -LEADER | |
|---|---|
| fixed length control field | 00404nam a22001577a 4500 |
| 003 - CONTROL NUMBER IDENTIFIER | |
| control field | OSt |
| 005 - DATE AND TIME OF LATEST TRANSACTION | |
| control field | 20250123144752.0 |
| 008 - FIXED-LENGTH DATA ELEMENTS--GENERAL INFORMATION | |
| fixed length control field | 250123b |||||||| |||| 00| 0 eng d |
| 020 ## - INTERNATIONAL STANDARD BOOK NUMBER | |
| International Standard Book Number | 978-93-89802-66-5 |
| 040 ## - CATALOGING SOURCE | |
| Transcribing agency | IIMT UNIVERSITY |
| 100 ## - MAIN ENTRY--PERSONAL NAME | |
| Personal name | PINTO, MARINA RITA |
| 245 ## - TITLE STATEMENT | |
| Title | ADMINISTRATIVE AND MANAGEMENT THINKERS |
| 260 ## - PUBLICATION, DISTRIBUTION, ETC. | |
| Place of publication, distribution, etc. | NEW DELHI |
| Name of publisher, distributor, etc. | NEW AGE INT. PUB. |
| Date of publication, distribution, etc. | 2024 |
| 300 ## - PHYSICAL DESCRIPTION | |
| Extent | 178 |
| 942 ## - ADDED ENTRY ELEMENTS (KOHA) | |
| Source of classification or shelving scheme | |
| Koha item type | Specimen |
| Withdrawn status | Lost status | Source of classification or shelving scheme | Damaged status | Not for loan | Home library | Current library | Date acquired | Source of acquisition | Cost, normal purchase price | Inventory number | Barcode | Date last seen | Uniform Resource Identifier | Price effective from | Koha item type |
|---|---|---|---|---|---|---|---|---|---|---|---|---|---|---|---|
| IIMT UNIVERSITY CENTRAL LIBRARY ( GENERAL/ GIFTED BOOKS) | IIMT UNIVERSITY CENTRAL LIBRARY ( GENERAL/ GIFTED BOOKS) | 01/23/2025 | NEW AGE INT. PUB. | 375.00 | SPECIMEN | 28-S-4119 | 01/23/2025 | Public Administration and Management Studies | 01/23/2025 | Specimen |

